000 01547cam a22004454i 4500
003 PE-LiUPU
005 20250731172904.0
008 150706s2016 sp rb 000 0 spa d
020 _a8490732701
020 _a9788490732700
035 _a(Sirsi) a166280
040 _aPE-LiUPU
_bspa
_cPE-LiUPU
_erda
049 _aPRUA
082 0 4 _a229.913
_bP78
_220
100 1 _aPortier-Young, Anathea E.,
_eautor.
245 1 4 _aApocalipsis contra Imperio :
_bTeologías de resistencia en el judaísmo antiguo /
_cAnathea E. Portier-Young.
264 1 _aEstella, España :
_bVerbo Divino,
_c2016.
300 _a701 páginas ;
_c24 centímetros.
336 _atext
_2rdacontent
337 _aunmediated
_2rdamedia
338 _avolume
_2rdacarrier
504 _aIncluye bibliografía 657-670.
505 0 _aPrimera Parte: Teorización de la resistencia -- Segunda Parte: La Dominación Seléucida en Judea -- Tercera Parte: Teologías Apocalípticas de resistencia.
526 _aSEG42
526 _aSEG41
526 _aSEG40
526 _aSEG39
526 _aP94
526 _aP87
526 _aP86
526 _aP85
526 _aP77
526 _aP76
526 _aP35
650 0 4 _aJudíos
_xHistoria
_y586 a.C.-70 d.C.
596 _a1
942 _2ddc
_cBOOK
999 _a229.913 P78
_wLC
_c15021
_i75555
_d15021
_e2017-3-27
_f2021-11-9
_g5
_lCCODEBUL1
_mBUL
_n1
_p50.00
_q2
_r0
_sY
_tBOOK
_u2017-1-19
_xTEOLOGIA
_PP85
_0COMPRA
_o.STAFF. Colección Teología
980 _81
_gALBERTO SANCHEZ Responsable de Automatización